Acts of seeing, ways of knowing: Visual culture in the making of modern India (Record no. 395982)

MARC details
000 -LEADER
fixed length control field 00528 a2200193 4500
005 - DATE & TIME
control field 20260203161214.0
008 - FIXED-LENGTH DATA ELEMENTS--GENERAL INFORMATION
fixed length control field 260203b |||||||| |||| 00| 0 eng d
020 ## - ISBN
International Standard Book Number 9789366271880
Price Rs. 1995.00
040 ## - CATALOGING SOURCE
Original cataloging agency VIVEKANANDA LIBRARY
082 ## - DDC NUMBER
Classification number 709.54
Book Number F884A
100 ## - MAIN ENTRY--PERSONAL NAME
Personal name Freitag, Sandria B
245 ## - TITLE STATEMENT
Title Acts of seeing, ways of knowing: Visual culture in the making of modern India
260 ## - PUBLICATION, DISTRIBUTION, ETC. (IMPRINT)
Name of publisher, distributor, etc Primus Books
Date of publication, distribution, etc 2025
Place of publication, distribution, etc Delhi
300 ## - PHYSICAL DESCRIPTION
Pages xxiv, 407
650 ## - Subject
Subject Art
650 ## - Subject
Subject Visual Arts
650 ## - Subject
Subject Indian Culture
942 ## - ADDED ENTRY ELEMENTS (KOHA)
Koha item type Books
Holdings
Withdrawn status Lost status Source of classification or shelving scheme Damaged status Not for loan Location (home branch) Sublocation or collection (holding branch) Shelving location Date acquired Koha issues (times borrowed) Koha full call number Accession No. Koha date last seen Koha item type
    Dewey Decimal Classification     VIVEKANANDA LIBRARY VIVEKANANDA LIBRARY Vivekananda Library 05/01/2026   709.54 F884A 444192 05/01/2026 Books
© Designed and Maintained by Vivekananda Library, MDU Rohtak